Born in blood and fire : (Record no. 499)
[ view plain ]
| 000 -LEADER | |
|---|---|
| fixed length control field | 00639nam a22002057a 4500 |
| 005 - DATE AND TIME OF LATEST TRANSACTION | |
| control field | 20140726081842.0 |
| 008 - FIXED-LENGTH DATA ELEMENTS--GENERAL INFORMATION | |
| fixed length control field | 050701s2006 nyuab b 001 0 eng |
| 020 ## - INTERNATIONAL STANDARD BOOK NUMBER | |
| International Standard Book Number | 9780393827696 |
| 080 ## - UNIVERSAL DECIMAL CLASSIFICATION NUMBER | |
| Universal Decimal Classification number | 93/99 |
| 100 1# - Rafti | |
| Rafti | Chasteen, John Charles, |
| 245 10 - TITLE STATEMENT | |
| Title | Born in blood and fire : |
| Statement of responsibility, etc | John Charles Chasteen. |
| 250 ## - | |
| -- | 2nd ed. |
| 260 ## - | |
| -- | New York : |
| -- | W.W. Norton & Co., |
| -- | 2006. |
| 300 ## - | |
| -- | 372 p. : |
| -- | me il., maps ; |
| -- | 21 cm. |
| 504 ## - BIBLIOGRAPHY, ETC. NOTE | |
| Bibliography, etc | Includes bibliographical references and index f. 331-372 |
| 650 ## - | |
| -- | Historia |
| 650 ## - | |
| -- | Amerika Latine |
| 651 #0 - | |
| -- | Latin America |
| 942 ## - ADDED ENTRY ELEMENTS (KOHA) | |
| Source of classification or shelving scheme | |
| Item type | Books |
| Withdrawn status | Lost status | Source of classification or shelving scheme | Damaged status | Not for loan | Collection code | Permanent location | Current location | Shelving location | Date acquired | Total Checkouts | Full call number | Barcode | Date last seen | Koha item type |
|---|---|---|---|---|---|---|---|---|---|---|---|---|---|---|
| Koleksioni i përgjithshem | UBT - Ferizaj | UBT - Ferizaj | Koleksioni i përgjithshem | 07/26/2014 | 93/99 CHA | 003000694 | 07/26/2014 | Books | ||||||
| Koleksioni i përgjithshem | UBT - Ferizaj | UBT - Ferizaj | Koleksioni i përgjithshem | 07/26/2014 | 93/99 CHA | 003000695 | 07/26/2014 | Books | ||||||
| Koleksioni i përgjithshem | UBT - Ferizaj | UBT - Ferizaj | Koleksioni i përgjithshem | 07/26/2014 | 93/99 CHA | 003000696 | 07/26/2014 | Books | ||||||
| Koleksioni i përgjithshem | UBT - Ferizaj | UBT - Ferizaj | Koleksioni i përgjithshem | 07/26/2014 | 93/99 CHA | 003000697 | 07/26/2014 | Books | ||||||
| Koleksioni i përgjithshem | UBT - Ferizaj | UBT - Ferizaj | Koleksioni i përgjithshem | 07/26/2014 | 93/99 CHA | 003000698 | 07/26/2014 | Books | ||||||
| Koleksioni i përgjithshem | UBT - Ferizaj | UBT - Ferizaj | Koleksioni i përgjithshem | 07/26/2014 | 93/99 CHA | 003000699 | 07/26/2014 | Books | ||||||
| Koleksioni i përgjithshem | UBT - Ferizaj | UBT - Ferizaj | Koleksioni i përgjithshem | 07/26/2014 | 93/99 CHA | 003000700 | 07/26/2014 | Books | ||||||
| Koleksioni i përgjithshem | UBT - Ferizaj | UBT - Ferizaj | Koleksioni i përgjithshem | 07/26/2014 | 93/99 CHA | 003000701 | 07/26/2014 | Books | ||||||
| Koleksioni i përgjithshem | UBT - Ferizaj | UBT - Ferizaj | Koleksioni i përgjithshem | 07/26/2014 | 93/99 CHA | 003000702 | 07/26/2014 | Books | ||||||
| Koleksioni i përgjithshem | UBT - Ferizaj | UBT - Ferizaj | Koleksioni i përgjithshem | 07/26/2014 | 93/99 CHA | 003000703 | 07/26/2014 | Books |